02045nam a2200181 4500999001900000008004100019100003200060245013000092260004500222300003300267520131100300650003601611700002901647773004501676906002201721942001201743952010801755 c512436d512436191122b ||||| |||| 00| 0 eng d aCheng, Yuan (Daniel)913693 aProviding public services without relying heavily on government funding: How do nonprofits respond to government budget cuts? bAmerican Review of Public Administration a49(6), Aug, 2019: p.675-688. aExisting studies of government–nonprofit relationships have largely treated government funding as a revenue stream of nonprofit organizations. However, there is limited empirical research on how nonprofits respond to government spending changes in a public service subsector where they provide public services without relying heavily on government funding. In such public service subsectors, government spending cuts, thus, represent a reduction in governmental service provision rather than a revenue shock to nonprofits in the sector. Utilizing a unique panel data set of park-supporting nonprofits in large U.S. cities, this study examines how these nonprofits adjust financial management strategies in response to incremental and dramatic changes in the overall government spending on parks and recreation services in a city. The findings suggest that nonprofits increase fund-raising efforts and diversify revenue portfolios in response to incremental changes in the government spending environment. Facing a dramatic government budget cut on parks and recreation, nonprofits are more likely to reduce administrative expenses and spend more on programs to fill in the gap of service needs. Borrowing and using reserves seem not to be strategies nonprofits pursue in such circumstances. - Reproduced. aNon profit organization 913694 aYang, Lang (Kate)913695 aAmerican Review of Public Administration aPublic utilities  2ddccAR 00102ddc40709386492aIIPAbIIPAd2019-11-22h49(6), Aug, 2019: p.675-688.pAR121809r2019-11-22yAR